书目信息 |
| 题名: |
鸦片战争时期的林则徐
|
|
| 作者: | ;厦门大学历史系《鸦片战争时期的林则徐》编写组 编 | |
| 分册: | ||
| 出版信息: | 福州 福建人民出版社 1978 |
|
| 页数: | 80页 | |
| 开本: | 19cm | |
| 丛书名: | ||
| 单 册: | ||
| 中图分类: | K253.9 | |
| 科图分类: | ||
| 主题词: | 中国--历史--1840~1949 | |
| 电子资源: | ||
| ISBN: | ||
| 000 | 00855nam0 2200229 45 | |
| 001 | 0178002861 | |
| 005 | 20060728095450.40 | |
| 010 | @dCNY0.19 | |
| 091 | @a11173.11 | |
| 100 | @a19950725d1978 em y0chiy0121 ea | |
| 101 | 0 | @achi |
| 102 | @aCN@b350000 | |
| 105 | @ay z 000yb | |
| 200 | 10 | @a鸦片战争时期的林则徐@Aya pian zhan zheng shi qi de lin ze xu@f厦门大学历史系《鸦片战争时期的林则徐》编写组编@Fxia men da xue li shi xi《ya pian zhan zheng shi qi de lin ze xu》bian xie zu bian |
| 210 | @a福州@c福建人民出版社@d1978 | |
| 215 | @a80页@d19cm | |
| 600 | 0 | @a林则徐@x生平事迹 |
| 606 | 0 | @a中国@x历史@z1840~1949 |
| 690 | @aK253.9@v4 | |
| 711 | 0 | @a厦门大学历史系《鸦片战争时期的林则徐》编写组@Axia men da xue li shi xi《ya pian zhan zheng shi qi de lin ze xu》bian xie zu@4编 |
| 801 | 0 | @aCN@bTSSF@c20060728 |
| 905 | @a10447@dK253.9@e7 | |
| 鸦片战争时期的林则徐/厦门大学历史系《鸦片战争时期的林则徐》编写组编.-福州:福建人民出版社,1978 |
| 80页;19cm |
| ISBN :CNY0.19 |
| ● |
| 相关链接 |
|
|
|
|
正题名:鸦片战争时期的林则徐
索取号:K253.9/7
 
预约/预借
| 序号 | 登录号 | 条形码 | 馆藏地/架位号 | 状态 | 备注 |
| 1 | 0007337 | 202269776 | 密集书库/ [索取号:K253.9/7] | 在馆 | |
| 2 | 0436582 | 204365828 | 密集书库/ [索取号:K253.9/7] | 在馆 | |
| 3 | 0436583 | 204365837 | 密集书库/ [索取号:K253.9/7] | 在馆 |